Turning the soul : teaching through conversation in the high school
Αποθηκεύτηκε σε:
| Κύριος συγγραφέας: | |
|---|---|
| Μορφή: | Βιβλίο |
| Γλώσσα: | English |
| Δημοσίευση: |
Chicago :
University of Chicago Press,
1991
|
| Θέματα: | |
| Ετικέτες: |
Προσθήκη ετικέτας
Δεν υπάρχουν, Καταχωρήστε ετικέτα πρώτοι!
|
MARC
| LEADER | 00000nam a2200000 i 4500 | ||
|---|---|---|---|
| 001 | 1/84695 | ||
| 008 | 990625s1991 eng d | ||
| 020 | |a 0-226-31676-9 | ||
| 035 | |l 10051665 | ||
| 040 | |a GR-MY-UA |b gre |e aacr | ||
| 041 | 0 | |a eng | |
| 082 | 0 | |a 373.137 | |
| 100 | 1 | |a Haroutunian-Gordon, Sophie. | |
| 245 | 1 | 0 | |a Turning the soul : |b teaching through conversation in the high school / |c Sophie Haroutunian-Gordon |
| 260 | |a Chicago : |b University of Chicago Press, |c 1991 | ||
| 300 | |a 213 p. | ||
| 650 | 0 | 0 | |a Teaching. |
| 650 | 0 | 0 | |a Discussion |x Study and teaching. |
| 852 | |a INST |b RHODES |e 19990625 |h 373.137 HAR |p 005400014618 |q 005400014618 |t BK |y 0 | ||
| 901 | |a BIBL4-1999-2 | ||
| 909 | |a Ρ |b 066103 |c 1999 | ||
| 922 | |a 4ΕΛΗ |b 199906 |c ΚΠΣ/154 |d LEADER | ||
| 970 | |a ΚΟΥΛΙΑΚΙΩΤΗ |b ΕΥΑΓΓΕΛΙΑ |z 19990625 | ||